| 000 | 00000nam 2200000za 4500 |
| 001 | 9.837784 |
| 003 | CaOODSP |
| 005 | 20221107151225 |
| 007 | cr ||||||||||| |
| 008 | 170606s1958 onc o f000 0 eng d |
| 040 | |aCaOODSP|beng |
| 043 | |an-cn-on |
| 086 | 1 |aR77-12/1958E-PDF |
| 245 | 00|aSummary of proceedings, 13th Homemakers Convention |h[electronic resource] : |bSouthern Ontario Region, Alnwick Reserve, Aug 27-29 '58. |
| 260 | |a[Ottawa?] : |b[Department of Northern Affairs and National Resources], |c1958. |
| 300 | |a58 p. |
| 500 | |aTitle from cover. |
| 500 | |aDigitized edition from print [produced by Indigenous and Northern Affairs Canada]. |
| 520 | |aSummary report of the 13th Homemakers Convention Southern Ontario Region held at Alnwick Reserve, Alderville, Ont., Rice & Nud Lakes Agency, August 27, 28, 29, 1958. |
| 692 | 07|2gccst|aAboriginal peoples |
| 692 | 07|2gccst|aHome economics |
| 692 | 07|2gccst|aConferences |
| 710 | 1 |aCanada.|bDepartment of Northern Affairs and National Resources. |
| 856 | 40|qPDF|s5.81 MB|uhttps://publications.gc.ca/collections/collection_2017/aanc-inac/R77-12-1958-eng.pdf |